000 00865nam a2200277 c 4500
999 _c343906
_d343906
003 BLK
005 20191001135106.0
008 180911b bul|||||r ||||||| ||bul||
010 _a003567
040 _aBLK
041 _aDEU
_cBUL
080 _z82-1.0
100 1 _aVIEHOFF, Heinrich
_eпърви автор
_9397724
245 0 0 _aDie Poetik auf der Grundlage der Erfahrungsseelenlehre
246 _aIn 2 Bd.
260 _aTrier
_bFr. Linz
_c1888
300 _aXXXVIII, 552 с
_c20 см
380 _a82
490 _aЧастна колекция - Академик Михаил Арнаудов
_gДарение - Основен фонд
500 _aМихаил Арнаудов: подпис
655 _aЛитературознание
_9396446
700 1 _aHeinrich Viehoff
_9397725
700 1 _a Hrsg. von Viktor Kin
_9397726
852 _aМА 1013
942 _cKNG
_n0
_s1
944 _aCR
_c1996
_kValK
999 _d343906